000 00403nam a2200145Ia 4500
008 230312s9999||||xx |||||||||||||| ||und||
020 _a9781305080195
082 _a004.22
_bBUR-S
100 _aTomshoGreg
245 0 _aMCSA to installing and configuring Microsoft Windows Server 2012\R2
260 _bCengage Learnig
_aUSA
_c2016
300 _a612
650 _aComputer
_vComputer system
942 _cBK
999 _c16881
_d16881